Born in Hangzhou - Statistics

General Stats
  • This quiz has been taken 8 times
  • The average score is 5 of 6
Answer Stats
Hint Answer % Correct
Billionaire and co-founder of Alibaba Group 1964 Jack Ma
100%
World-record-holding swimmer, three-time Olympic gold medalist and eleven-time world champion 1991 Sun Yang
83%
Founder of Nongfu Spring, billionaire and current richest Chinese man 1954 Zhong Shanshan
83%
Billionaire and founder of the Hangzhou Wahaha Group 1945 Zong Qinghou
83%
Swimmer and two-time Olympic gold medalist 1996 Ye Shiwen
67%
Former gymnast and two-time Olympic gold medalist 1964 Lou Yun
33%
No matching quizzes found
Score Distribution
Percent of People with Each Score
Percentile by Number Answered
Your Score History
You have not taken this quiz